000 00769nmm a2200277 a 4500
003 AR-X00000XY
005 20251128211944.0
008 287020s1995 ||||||||||||||000 | spa||
020 _a0-201-82386-1
040 _cAR-X00000XY
245 1 0 _aWorlds together
_ba journey into multicultural literature
260 _aReading
_bAddison-Wesley
_c1995
300 0 _a182 p.
_bil.
500 0 _aIncluye glosario en p. 174-179
650 4 _aENSENANZA DE IDIOMAS
650 4 _aINGLES
650 4 _aLECTURA
650 4 _aLIBROS DE TEXTO
650 4 _aACTIVIDADES DE APRENDIZAJE
650 4 _aMULTICULTURALISMO
653 0 _aINTEGRACION DE CONTENIDOS
700 1 _aRichard-Amato, Patricia A.
700 1 _aHansen, Wendy Abbott
942 _cBK
998 _cNancy
999 _c21786
_d21786